[Event "Frankfurt-chB"]
[Site "Frankfurt"]
[Date "2013.06.10"]
[Round "6"]
[White "Hoffmann, Wolfgang"]
[Black "Richter, Edgar"]
[Result "1/2-1/2"]
[WhiteElo "1498"]
[BlackElo "1170"]
[PlyCount "112"]
[EventDate "2013.04.29"]
[EventType "swiss"]
[EventRounds "7"]
[EventCountry "GER"]
[SourceTitle "EXT 2014"]
[Source "ChessBase"]
[SourceDate "2013.11.20"]
[SourceVersion "1"]
[SourceVersionDate "2013.11.20"]
[SourceQuality "1"]

1. f4 e6 2. Nf3 d5 3. d4 Nf6 4. Nc3 g6 5. g3 Bg7 6. e3 0-0 7. Bg2 b6 8. 0-0 Bb7 9. b3 Nbd7 10. Bb2 Ng4 11. Qd2 c5 12. Ne2 Qc7 13. Rab1 Ba6 14. Rfc1 c4 15. h3 Ngf6 16. Qe1 Rfe8 17. g4 Bb7 18. Nd2 Ne4 19. Bxe4 dxe4 20. Nxc4 Ba6 21. Nd2 Bxe2 22. Qxe2 Qb7 23. Qg2 f5 24. g5 b5 25. c4 bxc4 26. Nxc4 Bf8 27. Qe2 Rac8 28. Ba3 Qa6 29. Bxf8 Rxf8 30. Qb2 Rcd8 31. Kf2 Kf7 32. Qe2 Ke8 33. Rc2 Rh8 34. Kg3 h6 35. h4 hxg5 36. fxg5 Rf8 37. Qf2 Kf7 38. Qf4 Kg7 39. Ne5 Nxe5 40. Qxe5+ Kg8 41. a4 Rd5 42. Qf4 Qd3 43. Qf2 Rxd4 44. Kf4 Rd5 45. Qe2 e5+ 46. Kg3 f4+ 47. Kg4 f3 48. Qf2 Qa6 49. Rbc1 Qe6+ 50. Kg3 Rd3 51. Rc6 Qxb3 52. Rxg6+ Kf7 53. Rf6+ Kg7 54. Rc7+ Kg8 55. Rg6+ Kh8 56. Rh6+ Kg8 1/2-1/2

[Event "Karl Mala Memorial op 14th"]
[Site "Frankfurt"]
[Date "2011.07.07"]
[Round "1"]
[White "Froehlich Dill, Astrid"]
[Black "Richter, Edgar"]
[Result "1-0"]
[WhiteElo "1936"]
[BlackElo "1188"]
[PlyCount "67"]
[EventDate "2011.07.07"]
[EventType "swiss"]
[EventRounds "7"]
[EventCountry "GER"]
[SourceTitle "EXT 2012"]
[Source "ChessBase"]
[SourceDate "2011.11.24"]
[SourceVersion "1"]
[SourceVersionDate "2011.11.24"]
[SourceQuality "1"]

1. d4 d5 2. Nf3 g6 3. Bf4 Bg7 4. c4 e6 5. Nc3 Ne7 6. e3 0-0 7. Be2 a6 8. 0-0 dxc4 9. Bxc4 b5 10. Bd3 Bb7 11. Rc1 Nd7 12. b4 Rc8 13. Qe2 Nb6 14. a3 Nbd5 15. Nxd5 Nxd5 16. Bg3 Re8 17. Rfd1 c6 18. Nd2 Nf6 19. h3 a5 20. Nb3 axb4 21. axb4 Nd5 22. Qe1 Qe7 23. Nc5 e5 24. dxe5 Bxe5 25. Bxe5 Qxe5 26. Nxb7 Qe7 27. Nc5 Qh4 28. Be2 Qxb4 29. Qxb4 Nxb4 30. Nd7 Kg7 31. Rd4 Nd5 32. Bxb5 Nf6 33. Nxf6 Kxf6 34. Rd6+ 1-0

[Event "Hessen-ch Gr-F 64th"]
[Site "Bad Vilbel"]
[Date "2010.04.02"]
[Round "1"]
[White "Jung, Richard"]
[Black "Richter, Edgar"]
[Result "1-0"]
[WhiteElo "1160"]
[BlackElo "1295"]
[PlyCount "59"]
[EventDate "2010.03.31"]
[EventType "swiss"]
[EventRounds "5"]
[EventCountry "GER"]
[SourceTitle "EXT 2011"]
[Source "ChessBase"]
[SourceDate "2010.11.26"]
[SourceVersion "1"]
[SourceVersionDate "2010.11.26"]
[SourceQuality "1"]

1. d4 d5 2. Nf3 e6 3. c4 dxc4 4. Nc3 Be7 5. Bf4 Nf6 6. e3 0-0 7. Bxc4 b6 8. 0-0 Bb7 9. Qd3 Bxf3 10. gxf3 Nbd7 11. Kh1 Nh5 12. Ne2 Nxf4 13. Nxf4 Bd6 14. Ng2 e5 15. Rg1 Qf6 16. Bd5 Rad8 17. Rae1 Qh6 18. f4 exf4 19. exf4 Nf6 20. Bf3 Bxf4 21. Nxf4 Qxf4 22. Rd1 Rd6 23. Kg2 Rfd8 24. Qa6 Ne4 25. Qxa7 Qg5+ 26. Kf1 Qh4 27. Rg2 Qf4 28. Bxe4 Qxe4 29. Qxc7 Rxd4 30. Qxd8+ 1-0